| 000 | 00500 a2200169 4500 | ||
|---|---|---|---|
| 005 | 20250607091655.0 | ||
| 020 | _a978-0-07-353027-7 | ||
| 082 | _aLECT 658.311 HEN | ||
| 100 | _aHENEMAN, H. G. | ||
| 245 | _aStaffing organizations | ||
| 250 | _a6th Ed. | ||
| 260 |
_aBoston, _bMc-Graw-Hill Irwin, _c2009. |
||
| 300 |
_axvi, 751p.: ill.; figure, graph, table. _bIndex, _c24cm. |
||
| 700 | _aJUDGE, T. A. | ||
| 856 |
_yAccess online book _fStaffing organizations _dwww.mhhe.com |
||
| 942 |
_2ddc _cBKS |
||
| 999 |
_c3391 _d3391 |
||